| 000 | 01208nam a22002777a 4500 | ||
|---|---|---|---|
| 005 | 20090605135611.0 | ||
| 008 | 090605t xxu||||| |||| 00| 0 hin d | ||
| 010 | _aHIN-86846 | ||
| 020 |
_a8181350413 _c250.00 |
||
| 035 | _aHN-59192 | ||
| 037 | _bDBAD / PUB | ||
| 040 |
_adpl _bhn |
||
| 082 | _a230.1 | ||
| 100 | _aभाटिया, सुदर्शन | ||
| 245 |
_aवनवासिनी जानकी / _cसुदर्शन भाटिया |
||
| 246 |
_aVanvaasinii Janki _bby Sudarshan Bhatia |
||
| 260 |
_aदिल्ली _bपंकज बुक्स _c2009 |
||
| 270 |
_a109-ए, पटपड़गंज _bदिल्ली _e110091 _k227554663 |
||
| 300 |
_a171पृ. _c22सेमी (सजिल्द) |
||
| 650 | _aसीता (हिन्दू देवी) | ||
| 650 | _aSita (Hindu deity) | ||
| 650 | _aहिन्दू पौराणिक कथा | ||
| 650 | _aHindu mythology | ||
| 942 |
_2ddc _cHN _mभाटिया _h230.1 |
||
| 999 |
_c27262 _d27262 |
||